| 000 | 00552nam a2200193 i 4500 | ||
|---|---|---|---|
| 001 | 128714 | ||
| 003 | ES-MaACL | ||
| 005 | 20230906193340.0 | ||
| 007 | t| | ||
| 008 | 070524s1972 sp |||| | spa d | ||
| 080 | _a248.122 | ||
| 100 | 1 |
_aTate, Judit. _9109381 |
|
| 245 | 1 | 3 |
_aLa religiosa en el mundo de hoy / _cpor Judit Tate ; [traducción de José M. Aduriz]. |
| 260 |
_aSantander : _bSal Terrae, _c[1972] |
||
| 300 |
_a154 p. ; _c19 cm. |
||
| 650 | 1 | 4 |
_aReligiosas. _916826 |
| 700 | 1 |
_aAduriz, José M. _918497 |
|
| 852 |
_aES-MaACL _jC-50714 |
||
| 999 |
_c128714 _d128714 |
||